000 00579nam a2200217Ia 4500
005 20241129120217.0
008 241129s9999||||xx |||||||||||||| ||und||
020 _a9788184953572
037 _aTB
040 _aSDCL
_beng
_cSDCL
041 _aeng
_2eng
084 _aQ6y7N10, R3 LR
_qSDCL
100 _aGreene Meg
_9729432
245 0 _aMother Teresa: A Biography
260 _aDelhi
_bJaico Publishing House
_c2023
300 _axiii,152p.
365 _aINR
_b350
650 _aReference
942 _cTB
_hQ6y7N10, R3 LR
999 _c1233821
_d1233821